Život není náhoda /

Hlavní autor: Urban, Hal, 1940-
Další autoři: Koupilová, Marcela, 1973-
Jazyk: Čeština
Vydáno: Praha : Portál, 2017
Vydání: Vydání první
Témata:
Fyzický popis: 223 stran ; 21 cm
Knihy
Uloženo v:
LEADER 01995nam a2200589 i 4500
001 nkc20172904913
003 CZ PrNK
005 20171003154113.0
007 ta
008 170718s2017 xr e f 000 0 cze
015 |a cnb002904913 
020 |a 978-80-262-1237-9  |q (brožováno) 
035 |a (OCoLC)1011113853 
040 |a ABA001  |b cze  |d BOA001  |e rda 
041 1 |a cze  |h eng 
072 7 |a 17  |x Etika. Morální filozofie  |2 Konspekt  |9 5 
080 |a 17.02  |2 MRF 
080 |a 159.923.2  |2 MRF 
080 |a 165.242.1  |2 MRF 
080 |a 316.648.4  |2 MRF 
080 |a 159.923.5  |2 MRF 
080 |a (0.062)  |2 MRF 
100 1 |a Urban, Hal,  |d 1940-  |7 mzk2004221713  |4 aut 
240 1 0 |a Choices that change lives.  |l Česky 
245 1 0 |a Život není náhoda /  |c Hal Urban ; z anglického originálu přeložila Marcela Koupilová 
250 |a Vydání první 
264 1 |a Praha :  |b Portál,  |c 2017 
300 |a 223 stran ;  |c 21 cm 
336 |a text  |b txt  |2 rdacontent 
337 |a bez média  |b n  |2 rdamedia 
338 |a svazek  |b nc  |2 rdacarrier 
504 |a Obsahuje bibliografii 
650 0 7 |a životní moudrost  |7 ph128026  |2 czenas 
650 0 7 |a smysl života  |7 ph125718  |2 czenas 
650 0 7 |a sebepoznání  |7 ph116116  |2 czenas 
650 0 7 |a sebeuvědomování  |7 ph217729  |2 czenas 
650 0 7 |a změna postoje  |7 ph615993  |2 czenas 
650 0 7 |a rozvoj osobnosti  |7 ph194683  |2 czenas 
650 0 9 |a life wisdom  |2 eczenas 
650 0 9 |a sense of life  |2 eczenas 
650 0 9 |a self-consciousness  |2 eczenas 
650 0 9 |a self-awareness  |2 eczenas 
650 0 9 |a attitude change  |2 eczenas 
650 0 9 |a personality development  |2 eczenas 
655 7 |a populárně-naučné publikace  |7 fd131864  |2 czenas 
655 9 |a popular works  |2 eczenas 
700 1 |a Koupilová, Marcela,  |d 1973-  |7 xx0014780  |4 trl 
910 2 |a BOA001  |b 2-1395.143 
990 |a BK 
995 |a 01 
991 |b 201709  |c NOV 
996 6 |b 2610718499  |c 2-1395.143  |l MZK  |r Sklad / do 1 hodiny  |n 3  |p p.v.  |w 001630537  |u 000010  |a 1  |e BOA001  |j MZK50  |s P